| Tag |
First Indicator |
Second Indicator |
Subfields |
| LEADER |
00000cam a22000008a 4500 |
| 001 |
in00000024673 |
| 005 |
20160106094932.0 |
| 008 |
870512s1988 nyua 00110 eng |
| 010 |
|
|
|a 87014591
|
| 020 |
|
|
|a 0231064926 (alk. paper)
|
| 035 |
|
|
|a (OCoLC)15792981
|
| 035 |
|
|
|9 AAB4816AM
|
| 040 |
|
|
|a DLC
|c DLC
|d m/c
|d TXA
|d UtOrBLW
|
| 049 |
|
|
|a TXAM
|c [A11073097]
|
| 050 |
0 |
0 |
|a QB681
|b .B87 1988
|
| 082 |
0 |
|
|a 523.4/7
|2 19
|
| 100 |
1 |
|
|a Burgess, Eric,
|d 1920-2005.
|
| 245 |
1 |
0 |
|a Uranus and Neptune :
|b the distant giants /
|c Eric Burgess.
|
| 263 |
|
|
|a 8805
|
| 264 |
|
1 |
|a New York :
|b Columbia University Press,
|c 1988.
|
| 300 |
|
|
|a xii, 188 pages :
|b illustrations
|
| 336 |
|
|
|a text
|b txt
|2 rdacontent
|
| 337 |
|
|
|a unmediated
|b n
|2 rdamedia
|
| 338 |
|
|
|a volume
|b nc
|2 rdacarrier
|
| 500 |
|
|
|a Includes index.
|
| 651 |
|
0 |
|a Uranus (Planet)
|
| 651 |
|
0 |
|a Neptune (Planet)
|
| 610 |
|
0 |
|a Voyager Project.
|
| 999 |
|
|
|a MARS
|
| 999 |
f |
f |
|s b0c76120-f1e1-3429-af8a-6b2ec1392c60
|i cbb0413a-5054-325f-90d4-ef0fbf7d7ecd
|t 0
|
| 952 |
f |
f |
|p ric
|a Texas A&M University
|b Rellis Campus
|c Joint Library Facility
|d Remote Storage
|t 0
|e QB681 .B87 1988
|h Library of Congress classification
|i unmediated -- volume
|m A14811073097
|
| 998 |
f |
f |
|a QB681 .B87 1988
|t 0
|l Remote Storage
|